| 000 | 00777nam a2200229 i 4500 | ||
|---|---|---|---|
| 001 | 7255 | ||
| 003 | ES-MaACL | ||
| 005 | 20230906145209.0 | ||
| 007 | t| | ||
| 008 | 901114s1990 sp ||||1| spa d | ||
| 020 | _a84-86629-36-5 | ||
| 080 | _a929.6(46) | ||
| 100 | 1 |
_aMessía de la Cerda y Pita, Luis. _980683 |
|
| 245 | 1 | 0 |
_aHeraldica española _b: el diseño heraldico / _cLuis F. Messia de la Cerda y Pita ; ilustraciones en color, Calusa y Tete Messia de la Cerda y Gabeiras. |
| 260 |
_aMadrid : _bAldaba, _c1990. |
||
| 300 |
_a229 p. ; _c25 cm. |
||
| 500 | _aIndice onomastico y de linajes. | ||
| 500 | _aDed. autogr. del autor. | ||
| 504 | _aBibliogr.: p. 223-225. | ||
| 650 | 1 | 4 |
_aHeráldica- _zEspaña. _913317 |
| 852 |
_aES-MaACL _jL-14488 _bR.118622 _z. - cart. |
||
| 999 |
_c7255 _d7255 |
||